书目信息 |
| 题名: |
水土资源评价与节水灌溉规划
|
|
| 作者: | 水利部农村水利司 , 中国灌溉排水技术开发培训中心 编著 | |
| 分册: | ||
| 出版信息: | 北京 中国水利水电出版社 1995.05 |
|
| 页数: | 190页 | |
| 开本: | 16开 | |
| 丛书名: | ||
| 单 册: | ||
| 中图分类: | S274 | |
| 科图分类: | ||
| 主题词: | 农田水利 | |
| 电子资源: | ||
| ISBN: | 7-80124-641-1 | |
| 000 | 00767nam0 2200205 45 | |
| 001 | 0008210908 | |
| 005 | 20000821094537.9 | |
| 010 | @a7-80124-641-1@d25.00元 | |
| 100 | @a20000821d1995 km y0chiy0120 ea | |
| 101 | 0 | @achi |
| 105 | @a z 000yy | |
| 200 | 1 | @a水土资源评价与节水灌溉规划@AShui Tu Zi Yuan Ping Jia Yu Jie Shui Guan Gai Gui Hua@f水利部农村水利司,中国灌溉排水技术开发培训中心编著@FShui Li Bu Nong Cun Shui Li Si,Zhong Guo Guan Gai Pai Shui Ji Shu Kai Fa Pei Xun Zhong Xin Bian Zhu |
| 210 | @a北京@c中国水利水电出版社@d1995.05 | |
| 215 | @a190页@d16开 | |
| 606 | 0 | @a农田水利 |
| 690 | @aS274@v3 | |
| 701 | 0 | @a水利部农村水利司@4编著 |
| 701 | 0 | @a中国灌溉排水技术开发培训中心@4编著 |
| 801 | @aCN@bPftUser@c20000821 | |
| 905 | @b112278-282@dS274@eL569@f5 | |
| 水土资源评价与节水灌溉规划/水利部农村水利司,中国灌溉排水技术开发培训中心编著.-北京:中国水利水电出版社,1995.05 |
| 190页;16开 |
| ISBN 7-80124-641-1:25.00元 |
| ● |
| 相关链接 |
|
|
|
正题名:水土资源评价与节水灌溉规划
索取号:S274/L569
 
预约/预借
| 序号 | 登录号 | 条形码 | 馆藏地/架位号 | 状态 | 备注 |
| 1 | 112278 | 201122784 | 自科库401/401自科库 67排1列3层/ [索取号:S274/L569] | 在馆 | |
| 2 | 112279 | 201122793 | 自科库401/401自科库 67排1列3层/ [索取号:S274/L569] | 在馆 | |
| 3 | 112280 | 201122800 | 自科库401/401自科库 67排1列3层/ [索取号:S274/L569] | 在馆 | |
| 4 | 112281 | 201122819 | 自科二线504/504自科库 39排2列3层/ [索取号:S274/L569] | 在馆 | |
| 5 | 112282 | 201122828 | 自科库401/401自科库 67排1列3层/ [索取号:S274/L569] | 在馆 |